00428 2200181 4500001002100000005001500021008004100036020002200077035001900099041000700118082001000125090001400135245001200149260001700161300002900178500001100207650002800218INLIS00000000000321120241224112700241224||||||||| | ||| |||| || |  a978-979-1362-72-6 0010-1224003211 aid0 a927.8 a927.8 MAD00aMadonna bNuansac2009 a120 hlm. : ilus. ; 21 cm aCet. 1 0aIlmu Sejarah & Biografi